000 00736nam a2200217 i 4500
001 85966
003 ES-MaACL
005 20250819170004.0
007 t|
008 041203s1954 sp ||||1| spa d
100 1 _aKahn, Fritz.
_967420
245 1 0 _aNuestra vida sexual
_b: sus problemas : sus soluciones : consejos prácticos de higiene sexual /
_cFritz Kahn ; [versión española de Pablo Elvira y Francisco Narbona].
250 _a[1ª ed.].
260 _aBarcelona :
_bPlaneta,
_c[1954] (
_fCondal)
300 _a193 p., lám. ;
_c21 cm.
650 0 7 _aSexología
_2embne
_917076
700 1 _aElvira, Pablo.
_947124
700 1 _aNarbona, Francisco.
_984932
852 _aES-MaACL
_jC-8018
_bR.35801
999 _c85966
_d85966